La muerte de Jacinto Mendoza / (Registro nro. 7605)
[ vista simple ]
| 000 -LEADER | |
|---|---|
| fixed length control field | 00972nam a2200289 a 4500 |
| 001 - CONTROL NUMBER | |
| control field | 000013121 |
| 003 - CONTROL NUMBER IDENTIFIER | |
| control field | DO-SdBNP |
| 005 - DATE AND TIME OF LATEST TRANSACTION | |
| control field | 20151103152926.0 |
| 007 - PHYSICAL DESCRIPTION FIXED FIELD--GENERAL INFORMATION | |
| fixed length control field | 000013121 |
| 008 - FIXED-LENGTH DATA ELEMENTS--GENERAL INFORMATION | |
| fixed length control field | 091120s1995 dr 000 f spa d |
| 040 ## - CATALOGING SOURCE | |
| Original cataloging agency | BPMET |
| Language of cataloging | spa |
| Transcribing agency | BPMET |
| 092 ## - LOCALLY ASSIGNED DEWEY CALL NUMBER (OCLC) | |
| Classification number | RD863.44 |
| Item number | T683m |
| 100 1# - MAIN ENTRY--PERSONAL NAME | |
| Personal name | Toribio, Tirso, |
| Dates associated with a name | 1936- |
| 245 13 - TITLE STATEMENT | |
| Title | La muerte de Jacinto Mendoza / |
| Statement of responsibility, etc. | Tirso Toribio; presentación Manuel Mora Serrano. |
| 260 ## - PUBLICATION, DISTRIBUTION, ETC. (IMPRINT) | |
| Place of publication, distribution, etc. | Santo Domingo : |
| Name of publisher, distributor, etc. | Alfa & Omega, |
| Date of publication, distribution, etc. | 1995. |
| 300 ## - PHYSICAL DESCRIPTION | |
| Extent | 202 p. ; |
| Dimensions | 21 cm. |
| 500 ## - GENERAL NOTE | |
| General note | Incluye datos biográficos del autor en la contracubierta |
| 650 #4 - SUBJECT ADDED ENTRY--TOPICAL TERM | |
| Topical term or geographic name as entry element | NOVELA DOMINICANA |
| 650 #4 - SUBJECT ADDED ENTRY--TOPICAL TERM | |
| Topical term or geographic name as entry element | LITERATURA DOMINICANA |
| 700 1# - ADDED ENTRY--PERSONAL NAME | |
| Personal name | Mora Serrano, Manuel, |
| Relator term | pról. |
| 910 ## - USER-OPTION DATA (OCLC) | |
| User-option data | Validado. Control de calidad EMS |
| 930 #1 - EQUIVALENCE OR CROSS-REFERENCE-UNIFORM TITLE HEADING [LOCAL, CANADA] | |
| Language of a work | BND01 |
| Medium of performance for music | LF1 |
| Medium | RD863.44 |
| Field link and sequence number | 20091120 |
| Date of a work | 01 |
| Name of part/section of a work | HD |
| Miscellaneous information | 7985 |
| 942 ## - ADDED ENTRY ELEMENTS (KOHA) | |
| Source of classification or shelving scheme | Dewey Decimal Classification |
| Koha item type | Libros |
| 956 ## - LOCAL ELECTRONIC LOCATION AND ACCESS (OCLC) | |
| Host name | YLOCKWARD |
| Access number | 10 |
| Compression information | 20100217 |
| Logon | BND01 |
| Processor of request | 1443 |
| 956 ## - LOCAL ELECTRONIC LOCATION AND ACCESS (OCLC) | |
| Host name | EMARRERO |
| Access number | 40 |
| Compression information | 20120407 |
| Logon | BND01 |
| Processor of request | 0014 |
| 956 ## - LOCAL ELECTRONIC LOCATION AND ACCESS (OCLC) | |
| Host name | VMATEO |
| Access number | 10 |
| Compression information | 20150410 |
| Logon | BND01 |
| Processor of request | 00151 |
| Withdrawn status | Lost status | Source of classification or shelving scheme | Damaged status | Not for loan | Collection code | Home library | Current library | Date acquired | Total Checkouts | Barcode | Date last seen | Price effective from | Koha item type |
|---|---|---|---|---|---|---|---|---|---|---|---|---|---|
| Dewey Decimal Classification | Biblioteca Pública Metropolitana Salomé Ureña | Biblioteca Pública Metropolitana Salomé Ureña | 04/10/2015 | BPMET15041274 | 04/10/2015 | 04/10/2015 | Libros |